00475nam a22001572 4500001001100000005001700011008004100028020002700069040001500096100003300111245005500144260006300199300001700262650003500279852000300314000000881520151217161139.0080609s xx 000 0 eng d a1841620661 :cKES 2465 aKABUcKABU1 aFoottit, Claire.@000015957210aKenya :bthe Bradt travel guide /cClaire Foottit. aChalfont St Peter, England :bBradtb Travel Guides,c2004. axiv, 482 p. 0aKenyaxGuidebooks.@00001595731